Foro: Desarrollo rural, identidad y medio ambiente
Spremljeno u:
| Format: | Knjiga |
|---|---|
| Jezik: | Spanish |
| Oznake: |
Dodaj oznaku
Bez oznaka, Budi prvi tko označuje ovaj zapis!
|
MARC
| LEADER | 00000nam a22000007a 4500 | ||
|---|---|---|---|
| 003 | cru CRAI/IIS | ||
| 005 | 20200219140910.0 | ||
| 008 | 200219s2014 cr |||||r|||||||| ||spa|d | ||
| 999 | |c 42951 |d 42951 | ||
| 040 | |c cru CRAI/IIS | ||
| 245 | |a Foro: |b Desarrollo rural, identidad y medio ambiente | ||
| 300 | |a páginas 11-30 | ||
| 942 | |2 ddc |c LI | ||
| 773 | 0 | |0 42696 |9 3981 |d San José, CR: FLACSO; Konrad Adenauer Stiftung, 2014 |o 18570 |t Agenda política, desarrollo y bienestar: |z 9789977682716 | |



